[Event "Nova Gorica op 28th"]
[Site "Nova Gorica"]
[Date "2024.01.31"]
[Round "7"]
[White "Zupancic, Urban"]
[Black "Tonel, Giulia"]
[Result "1-0"]
[WhiteElo "2025"]
[BlackElo "1851"]
[PlyCount "63"]
[EventDate "2024.01.26"]
[EventType "swiss"]
[EventRounds "9"]
[EventCountry "SLO"]
[SourceTitle "CB06_2024"]
[SourceDate "2024.02.07"]
[SourceVersion "1"]
[SourceVersionDate "2024.02.07"]
[SourceQuality "1"]

1. e4 e5 2. Nf3 Nc6 3. Bb5 a6 4. Ba4 Nf6 5. 0-0 Nxe4 6. d4 b5 7. Bb3 d5 8. dxe5 Be6 9. c3 Bc5 10. Nbd2 0-0 11. Nxe4 dxe4 12. Ng5 Bxb3 13. axb3 e3 14. Bxe3 Bxe3 15. Qxd8 Rfxd8 16. fxe3 Nxe5 17. Rfd1 Re8 18. h3 f6 19. Ne4 a5 20. Nc5 Kf7 21. Kf2 Re7 22. Rd4 g5 23. Rad1 h5 24. Rd8 Rxd8 25. Rxd8 a4 26. bxa4 Nc4 27. b3 Nxe3 28. a5 Nf5 29. a6 Kg6 30. a7 h4 31. a8Q Ng3 32. Re8 1-0

[Event "Nova Gorica op 28th"]
[Site "Nova Gorica"]
[Date "2024.01.29"]
[Round "5"]
[White "Zupancic, Urban"]
[Black "Hrescak, Ivana"]
[Result "1-0"]
[WhiteElo "2025"]
[BlackElo "2117"]
[PlyCount "95"]
[EventDate "2024.01.26"]
[EventType "swiss"]
[EventRounds "9"]
[EventCountry "SLO"]
[SourceTitle "CB06_2024"]
[SourceDate "2024.02.07"]
[SourceVersion "1"]
[SourceVersionDate "2024.02.07"]
[SourceQuality "1"]

1. e4 d6 2. d4 g6 3. Nc3 Bg7 4. Nge2 a6 5. a4 b6 6. g3 Bb7 7. Bg2 Nd7 8. 0-0 c5 9. Be3 Qc7 10. f4 Ngf6 11. h3 cxd4 12. Bxd4 e5 13. Be3 Nc5 14. fxe5 dxe5 15. Nd5 Nxd5 16. exd5 Qd6 17. Nc3 f5 18. a5 b5 19. g4 b4 20. Na4 Nxa4 21. Rxa4 f4 22. Bd2 Qc5+ 23. Kh2 Rc8 24. Be4 b3 25. cxb3 Qb5 26. Rb4 Qd7 27. Bc3 Rc5 28. Rc4 Rb5 29. Re1 0-0 30. b4 Bxd5 31. Rc5 Rxc5 32. bxc5 Be6 33. Qxd7 Bxd7 34. Bd5+ Kh8 35. c6 Bc8 36. Rxe5 h6 37. Re7 Bxc3 38. bxc3 f3 39. Kg1 f2+ 40. Kf1 h5 41. Be6 hxg4 42. hxg4 Bxe6 43. Rxe6 Kg7 44. c7 Rc8 45. Rc6 Kf7 46. Kxf2 Ke8 47. Ke3 g5 48. Ke4 1-0

[Event "Novo Mesto op"]
[Site "Novo Mesto"]
[Date "2023.10.29"]
[Round "2"]
[White "Goroshkov, Maksym"]
[Black "Zupancic, Urban"]
[Result "1-0"]
[WhiteElo "2282"]
[BlackElo "2016"]
[PlyCount "79"]
[EventDate "2023.10.28"]
[EventType "swiss"]
[EventRounds "9"]
[EventCountry "SLO"]
[SourceTitle "CB48_2023"]
[SourceDate "2023.11.29"]
[SourceVersion "1"]
[SourceVersionDate "2023.11.29"]
[SourceQuality "1"]

1. e4 c5 2. d4 cxd4 3. c3 dxc3 4. Nxc3 d6 5. Bc4 Nc6 6. Nf3 e6 7. 0-0 Be7 8. Qe2 Nf6 9. Rd1 0-0 10. Bf4 Ne8 11. Rac1 Qa5 12. Nb5 e5 13. b4 Qb6 14. Be3 Qd8 15. a3 Bd7 16. Nc3 Nf6 17. h3 Rc8 18. Qa2 h6 19. Nh4 Be6 20. Bxe6 fxe6 21. Qxe6+ Rf7 22. b5 Nd4 23. Bxd4 exd4 24. Nd5 Rc5 25. Nf5 Nxd5 26. exd5 Bf8 27. Nxd4 Rxc1 28. Rxc1 Qh4 29. Nf3 Qf4 30. Rc7 a6 31. Rxb7 axb5 32. Rxf7 Qxf7 33. Nd4 g5 34. Nxb5 Qxe6 35. dxe6 d5 36. a4 Bb4 37. Nd4 Bc3 38. Nc6 d4 39. Kf1 d3 40. a5 1-0

[Event "EU-ch 22nd"]
[Site "Terme Catez"]
[Date "2022.04.03"]
[Round "8"]
[White "Zupancic, Urban"]
[Black "Gueci, Tea"]
[Result "0-1"]
[WhiteElo "2047"]
[BlackElo "2235"]
[PlyCount "58"]
[EventDate "2022.03.27"]
[EventType "swiss"]
[EventRounds "11"]
[EventCountry "SLO"]
[SourceTitle "CBM 208"]
[Source "ChessBase"]
[SourceDate "2022.06.30"]
[SourceVersion "1"]
[SourceVersionDate "2022.06.30"]
[SourceQuality "1"]

1. d4 Nf6 2. c4 e6 3. Nf3 c5 4. d5 exd5 5. cxd5 d6 6. Nc3 g6 7. e4 a6 8. Qc2 b5 9. a4 b4 10. Nb1 Qe7 11. Kd1 Qxe4 12. Bd3 Qxd5 13. Re1+ Be6 14. Bg5 Be7 15. Nbd2 Qb7 16. Nc4 Nbd7 17. Bf4 0-0 18. Ng5 Qd5 19. Kc1 Rfe8 20. Rxe6 b3 21. Qb1 fxe6 22. Ne3 Qd4 23. Bxg6 Nf8 24. Bf7+ Kh8 25. g3 Nd5 26. Bxe6 Bxg5 27. Bxd5 Bxf4 28. gxf4 Rxe3 29. fxe3 Qxd5 0-1

[Event "EU-ch 22nd"]
[Site "Terme Catez"]
[Date "2022.03.30"]
[Round "4"]
[White "Zupancic, Urban"]
[Black "Palczert, Miklos"]
[Result "1-0"]
[WhiteElo "2047"]
[BlackElo "1770"]
[PlyCount "93"]
[EventDate "2022.03.27"]
[EventType "swiss"]
[EventRounds "11"]
[EventCountry "SLO"]
[SourceTitle "CBM 208"]
[Source "ChessBase"]
[SourceDate "2022.06.30"]
[SourceVersion "1"]
[SourceVersionDate "2022.06.30"]
[SourceQuality "1"]

1. d4 d5 2. c4 c6 3. Nf3 e6 4. e3 Nf6 5. Nbd2 Be7 6. Bd3 Nbd7 7. b3 dxc4 8. bxc4 0-0 9. Bb2 c5 10. 0-0 b6 11. Qe2 Bb7 12. Rad1 Qc7 13. Rfe1 Rfd8 14. Bb1 h6 15. e4 Nf8 16. d5 N6h7 17. Nf1 exd5 18. exd5 Bf6 19. Ne5 b5 20. Ng3 bxc4 21. Qxc4 Rd6 22. Nf5 Rad8 23. Nxd6 Qxd6 24. Qc2 Bxd5 25. Nc4 Qc6 26. Ne3 Bxb2 27. Nxd5 Rxd5 28. Rxd5 Qxd5 29. Qxb2 Nf6 30. Qe2 Ne6 31. Bd3 Qg5 32. Qe3 Qd5 33. Qe2 Qg5 34. Qe5 Qd2 35. Bf5 Nf8 36. Qe2 Qa5 37. Rc1 c4 38. Bb1 c3 39. Qc4 Nd5 40. Be4 Nf4 41. Bf3 Qg5 42. Rxc3 N8g6 43. Rb3 Ne5 44. Qc8+ Kh7 45. Be4+ g6 46. Rb8 Ne2+ 47. Kf1 1-0

[Event "SLO-chT NML 31st"]
[Site "Ptuj/Grosuplje"]
[Date "2021.10.22"]
[Round "7.2"]
[White "Zupancic, Urban"]
[Black "Vombek, Danijel"]
[Result "0-1"]
[WhiteElo "2057"]
[BlackElo "2274"]
[PlyCount "80"]
[EventDate "2021.10.08"]
[EventType "team-tourn"]
[EventRounds "9"]
[EventCountry "SLO"]
[SourceTitle "EXT 2023"]
[Source "ChessBase"]
[SourceDate "2022.10.05"]
[SourceVersion "1"]
[SourceVersionDate "2022.10.05"]
[SourceQuality "1"]
[WhiteTeam "Novo Mesto Krka"]
[BlackTeam "Maribor Branik"]
[WhiteTeamCountry "SLO"]
[BlackTeamCountry "SLO"]

1. e4 c5 2. Nf3 d6 3. d4 cxd4 4. Nxd4 Nf6 5. Nc3 a6 6. f3 e5 7. Nb3 Be6 8. Be3 Be7 9. Qd2 0-0 10. 0-0-0 Qc7 11. g4 Rc8 12. g5 Nh5 13. Kb1 Nd7 14. f4 exf4 15. Bxf4 Nxf4 16. Qxf4 Qb6 17. Nd5 Bxd5 18. Rxd5 Ne5 19. h4 a5 20. Rb5 Qd8 21. Nd4 g6 22. Bh3 Nc6 23. Ne6 Qe8 24. h5 gxh5 25. Bf5 fxe6 26. Bxe6+ Kg7 27. Rf5 Nd8 28. Bd5 Qg6 29. Rf6 Bxf6 30. gxf6+ Kh8 31. Qxd6 Nf7 32. Qe7 Rf8 33. Bxb7 Rae8 34. Qc5 Qxf6 35. Qxh5 Ng5 36. b3 a4 37. Bd5 a3 38. Kc1 Qf4+ 39. Kb1 Qe5 40. Kc1 Rf2 0-1

[Event "SLO-chT NML 31st"]
[Site "Ptuj/Grosuplje"]
[Date "2021.10.16"]
[Round "5.1"]
[White "Svensek, Marjan"]
[Black "Zupancic, Urban"]
[Result "1/2-1/2"]
[WhiteElo "2014"]
[BlackElo "2057"]
[PlyCount "117"]
[EventDate "2021.10.08"]
[EventType "team-tourn"]
[EventRounds "9"]
[EventCountry "SLO"]
[SourceTitle "EXT 2023"]
[Source "ChessBase"]
[SourceDate "2022.10.05"]
[SourceVersion "1"]
[SourceVersionDate "2022.10.05"]
[SourceQuality "1"]
[WhiteTeam "Slovenska Bistrica Impol"]
[BlackTeam "Novo Mesto Krka"]
[WhiteTeamCountry "SLO"]
[BlackTeamCountry "SLO"]

1. b4 Nf6 2. Bb2 d6 3. c4 g6 4. Nf3 Bg7 5. e3 0-0 6. Be2 e5 7. d3 e4 8. dxe4 Nxe4 9. Bxg7 Kxg7 10. Qd4+ Qf6 11. Qxf6+ Kxf6 12. Bd3 Re8 13. Nbd2 Nxd2 14. Kxd2 Nc6 15. a3 Ne5 16. Nxe5 Rxe5 17. Rac1 a5 18. b5 b6 19. f4 Re7 20. Be2 Bb7 21. Rhg1 Rae8 22. Rc3 Be4 23. g4 g5 24. f5 h5 25. gxh5 Bxf5 26. Rf1 Ke5 27. Bf3 Rh8 28. e4 Be6 29. Rg1 Kf4 30. Be2 g4 31. Rcg3 Rxh5 32. Bxg4 Rxh2+ 33. Kd3 Bxg4 34. Rxg4+ Ke5 35. Rg5+ Ke6 36. Kd4 Rd2+ 37. Kc3 Ra2 38. Kb3 Re2 39. R1g4 Re3+ 40. Kb2 Kd7 41. Rf5 R3xe4 42. Rxe4 Rxe4 43. Rxf7+ Kd8 44. Kc3 Re3+ 45. Kb2 a4 46. Rf8+ Ke7 47. Ra8 d5 48. Rxa4 d4 49. Ra8 Rc3 50. Rh8 Rxc4 51. Kb3 Rc5 52. a4 d3 53. Rh2 Kd6 54. Rd2 Rd5 55. Kc4 c6 56. bxc6 Kxc6 57. Rxd3 Ra5 58. Kb4 Rh5 59. Rd4 1/2-1/2

[Event "SLO-chT NML 31st"]
[Site "Ptuj/Grosuplje"]
[Date "2021.10.09"]
[Round "2.4"]
[White "Karlusic, Luka"]
[Black "Zupancic, Urban"]
[Result "0-1"]
[WhiteElo "2104"]
[BlackElo "2057"]
[PlyCount "72"]
[EventDate "2021.10.08"]
[EventType "team-tourn"]
[EventRounds "9"]
[EventCountry "SLO"]
[SourceTitle "EXT 2023"]
[Source "ChessBase"]
[SourceDate "2022.10.05"]
[SourceVersion "1"]
[SourceVersionDate "2022.10.05"]
[SourceQuality "1"]
[WhiteTeam "Zalec"]
[BlackTeam "Novo Mesto Krka"]
[WhiteTeamCountry "SLO"]
[BlackTeamCountry "SLO"]

1. d4 Nf6 2. c4 g6 3. Nc3 Bg7 4. e4 d6 5. h3 0-0 6. Be3 e5 7. d5 a5 8. g4 Na6 9. Nge2 Nc5 10. Ng3 c6 11. g5 Ne8 12. dxc6 Ne6 13. cxb7 Bxb7 14. Qd2 Nd4 15. Be2 Nc7 16. 0-0-0 Nce6 17. Kb1 a4 18. Rc1 Nc5 19. Bd1 Qb6 20. f4 Rfb8 21. Rh2 Bc6 22. fxe5 dxe5 23. Nd5 Bxd5 24. cxd5 a3 25. b3 Ra5 26. Ka1 Rb5 27. Qc3 Qb7 28. Qc4 Ncxb3+ 29. axb3 Nxb3+ 30. Ka2 Nxc1+ 31. Bxc1 Rc8 32. Qxb5 Qxb5 33. Bxa3 Ra8 34. Rb2 Qc4+ 35. Rb3 Bf8 36. Be2 Rxa3+ 0-1

[Event "SLO-chT NML 31st"]
[Site "Ptuj/Grosuplje"]
[Date "2021.10.08"]
[Round "1.3"]
[White "Zupancic, Urban"]
[Black "Gruskovnjak, Tomislav"]
[Result "0-1"]
[WhiteElo "2057"]
[BlackElo "2297"]
[PlyCount "74"]
[EventDate "2021.10.08"]
[EventType "team-tourn"]
[EventRounds "9"]
[EventCountry "SLO"]
[SourceTitle "EXT 2023"]
[Source "ChessBase"]
[SourceDate "2022.10.05"]
[SourceVersion "1"]
[SourceVersionDate "2022.10.05"]
[SourceQuality "1"]
[WhiteTeam "Novo Mesto Krka"]
[BlackTeam "Pomgrad"]
[WhiteTeamCountry "SLO"]
[BlackTeamCountry "SLO"]

1. e4 c6 2. d4 d5 3. e5 Bf5 4. Nc3 e6 5. g4 Bg6 6. Nge2 c5 7. Be3 h5 8. Nf4 Bh7 9. Nxh5 Nc6 10. Nb5 cxd4 11. Bxd4 Nxd4 12. Nxd4 a6 13. c3 Qd7 14. Qd2 Ne7 15. Bg2 Nc6 16. f4 0-0-0 17. b4 Qc7 18. 0-0 Qb6 19. Rab1 Bxb1 20. Rxb1 Nxd4 21. Qxd4 Qxd4+ 22. cxd4 g6 23. Nf6 Be7 24. Bf1 Bxf6 25. exf6 Kb8 26. Rb3 Rc8 27. Bd3 Rh4 28. Be2 Rc2 29. Re3 Rxe2 30. Rxe2 Rxg4+ 31. Kf2 Rxf4+ 32. Ke3 Rxf6 33. Rc2 Rf1 34. a3 g5 35. Rf2 Rxf2 36. Kxf2 Kc7 37. Kg3 f5 0-1

[Event "SLO-chT 29th"]
[Site "Slovenia"]
[Date "2019.11.23"]
[Round "5.4"]
[White "Rozman, Monika"]
[Black "Zupancic, Urban"]
[Result "1/2-1/2"]
[WhiteElo "2122"]
[BlackElo "1993"]
[PlyCount "115"]
[EventDate "2019.09.06"]
[EventType "team-tourn"]
[EventRounds "9"]
[EventCountry "SLO"]
[SourceTitle "CBM 193 Extra"]
[Source "ChessBase"]
[SourceDate "2020.01.31"]
[SourceVersion "1"]
[SourceVersionDate "2020.01.31"]
[SourceQuality "1"]
[WhiteTeam "Prevodi Dvojka"]
[BlackTeam "Novo Mesto Krka"]
[WhiteTeamCountry "SLO"]
[BlackTeamCountry "SLO"]

1. e4 e5 2. Nf3 Nc6 3. Bb5 a6 4. Ba4 Nf6 5. 0-0 Be7 6. Re1 b5 7. Bb3 d6 8. c3 0-0 9. a4 Bb7 10. d3 Na5 11. Bc2 c5 12. Nbd2 Qc7 13. Nf1 Rfe8 14. Ng3 Bf8 15. Bg5 Nd7 16. d4 cxd4 17. cxd4 d5 18. Rc1 Qb6 19. dxe5 Bc5 20. Re2 Nxe5 21. Nxe5 Rxe5 22. Bf4 Ree8 23. exd5 Rxe2 24. Qxe2 Rd8 25. Ne4 Bf8 26. Ng5 g6 27. Be4 Nc4 28. Qf3 Qf6 29. b3 Nd6 30. h4 h6 31. Bxd6 Qxf3 32. Nxf3 Rxd6 33. Rc7 Bxd5 34. Bxd5 Rxd5 35. Kf1 bxa4 36. bxa4 a5 37. Ke2 Bb4 38. g4 Kf8 39. g5 h5 40. Ke3 Ke8 41. Ke4 Rc5 42. Rxc5 Bxc5 43. Nd4 Bb4 44. f4 Kd7 45. f5 Kd6 46. Nf3 Bc3 47. Kd3 Bg7 48. f6 Bf8 49. Ke4 Ke6 50. Nd4+ Kd7 51. Kd5 Bd6 52. Nf3 Bg3 53. Ne5+ Ke8 54. Nf3 Kd7 55. Ne5+ Ke8 56. Nf3 Kd7 57. Ne5+ Ke8 58. Nf3 1/2-1/2

[Event "Otocec Krka Terme op"]
[Site "Otocec"]
[Date "2018.12.27"]
[Round "6"]
[White "Zupancic, Urban"]
[Black "Dobrovoljc, Vid"]
[Result "0-1"]
[WhiteElo "1973"]
[BlackElo "2328"]
[PlyCount "78"]
[EventDate "2018.12.25"]
[EventType "swiss"]
[EventRounds "9"]
[EventCountry "SLO"]
[SourceTitle "EXT 2020"]
[Source "ChessBase"]
[SourceDate "2019.10.17"]
[SourceVersion "1"]
[SourceVersionDate "2019.10.17"]
[SourceQuality "1"]

1. e4 c5 2. Nf3 d6 3. d4 cxd4 4. Nxd4 Nf6 5. Nc3 Nc6 6. f3 e5 7. Nb3 Be7 8. Be3 0-0 9. Qd2 Be6 10. Nd5 Bxd5 11. exd5 Nb8 12. c4 Nbd7 13. Na5 Qc8 14. b4 Bd8 15. Nb3 Bb6 16. Rc1 Bxe3 17. Qxe3 e4 18. f4 b5 19. Nd4 bxc4 20. Bxc4 Nb6 21. Nc6 Re8 22. 0-0 Nxc4 23. Rxc4 Qf5 24. Rd4 Nxd5 25. Qb3 Nxf4 26. Qe3 Qb5 27. Qxf4 Qxc6 28. Qxf7+ Kh8 29. Rd5 Qb6+ 30. Kh1 h6 31. Rg5 Qd4 32. Rd5 Qxb4 33. Qg6 Qc4 34. Rdf5 e3 35. Rf7 Qd4 36. R1f6 Qxf6 37. Rxf6 e2 38. g3 e1Q+ 39. Kg2 Qe4+ 0-1

[Event "Otocec Krka Terme op"]
[Site "Otocec"]
[Date "2018.12.26"]
[Round "5"]
[White "Zupancic, Urban"]
[Black "Bajo, Tin"]
[Result "1-0"]
[WhiteElo "1973"]
[BlackElo "1952"]
[PlyCount "74"]
[EventDate "2018.12.25"]
[EventType "swiss"]
[EventRounds "9"]
[EventCountry "SLO"]
[SourceTitle "EXT 2020"]
[Source "ChessBase"]
[SourceDate "2019.10.17"]
[SourceVersion "1"]
[SourceVersionDate "2019.10.17"]
[SourceQuality "1"]

1. e4 e5 2. Nf3 Nc6 3. Bb5 a6 4. Ba4 Nf6 5. 0-0 Be7 6. Re1 b5 7. Bb3 0-0 8. h3 Bb7 9. d3 d6 10. a3 Na5 11. Ba2 c5 12. Nbd2 Nc6 13. Nf1 Bc8 14. Ne3 Be6 15. Nd5 Re8 16. c3 Bf8 17. b4 cxb4 18. axb4 Bxd5 19. exd5 Ne7 20. c4 a5 21. bxa5 Qxa5 22. Bd2 Qb6 23. Qb3 Reb8 24. Reb1 Qc7 25. cxb5 Nexd5 26. Qc4 Qb7 27. Ng5 Ra7 28. Ne4 Rba8 29. b6 Ra6 30. Nxf6+ Nxf6 31. Qc7 Qxc7 32. bxc7 Ne8 33. Bxf7+ Kxf7 34. Rxa6 Rc8 35. Ba5 Ke6 36. Rb8 Rxc7 37. Rxe8+ Kd5 1-0

[Event "SLO-chT 27th"]
[Site "Slovenia"]
[Date "2017.12.09"]
[Round "8.6"]
[White "Kosmac, Blaz"]
[Black "Zupancic, Urban"]
[Result "0-1"]
[WhiteElo "2202"]
[BlackElo "1951"]
[PlyCount "68"]
[EventDate "2017.09.29"]
[EventType "team-tourn"]
[EventRounds "9"]
[EventCountry "SLO"]
[SourceTitle "EXT 2019"]
[Source "ChessBase"]
[SourceDate "2018.10.10"]
[SourceVersion "1"]
[SourceVersionDate "2018.10.10"]
[SourceQuality "1"]
[WhiteTeam "Prevodi Dvojka"]
[BlackTeam "Novo Mesto Krka"]
[WhiteTeamCountry "SLO"]
[BlackTeamCountry "SLO"]

1. e4 c5 2. Nf3 d6 3. d4 cxd4 4. Nxd4 Nf6 5. Nc3 a6 6. Nb3 e6 7. g4 h6 8. Bg2 Nc6 9. 0-0 Be7 10. Qe2 g5 11. Be3 Qc7 12. f4 gxf4 13. Rxf4 Nd7 14. Raf1 Nce5 15. Bd4 Rh7 16. Rd1 b5 17. a3 Bb7 18. Rff1 0-0-0 19. a4 bxa4 20. Nxa4 Rg8 21. Ra1 Rhg7 22. h3 h5 23. Na5 hxg4 24. hxg4 Rxg4 25. Rf2 Bh4 26. Nxb7 Bxf2+ 27. Bxf2 Rxg2+ 28. Kf1 Qxb7 29. Ra3 R2g4 30. Nc3 Nc5 31. Ra5 Nxe4 32. Na4 Ng3+ 33. Bxg3 Rxg3 34. Rxe5 Qh1+ 0-1

[Event "Otocec Krka Terme op"]
[Site "Otocec"]
[Date "2017.11.04"]
[Round "6"]
[White "Pozun, Matej"]
[Black "Zupancic, Urban"]
[Result "1-0"]
[WhiteElo "2102"]
[BlackElo "1951"]
[PlyCount "42"]
[EventDate "2017.11.02"]
[EventType "swiss"]
[EventRounds "9"]
[EventCountry "SLO"]
[SourceTitle "EXT 2019"]
[Source "ChessBase"]
[SourceDate "2018.10.10"]
[SourceVersion "1"]
[SourceVersionDate "2018.10.10"]
[SourceQuality "1"]

1. e4 c5 2. Nf3 d6 3. d4 cxd4 4. Nxd4 Nf6 5. Nc3 a6 6. Be2 e6 7. 0-0 Nbd7 8. f4 Qc7 9. a4 b6 10. Kh1 Bb7 11. Bf3 Rc8 12. Qe1 Be7 13. e5 dxe5 14. fxe5 Ng8 15. Bxb7 Qxb7 16. Qg3 g5 17. Bxg5 Rxc3 18. bxc3 Nc5 19. Bf6 Nxf6 20. exf6 Bd8 21. Rae1 Kf8 1-0